[Event "World Chess Olympiad 2018"]
[Site "Batumi"]
[Date "2018.09.25"]
[Round "2"]
[Board "2"]
[WhiteFideId "11601388"]
[White "Neiksans Arturs"]
[BlackFideId "2300044"]
[Black "Hjartarson Johann"]
[Result "0-1"]
[LiveChessVersion "1.4.8"]
[BlackElo "2530"]
[WhiteElo "2566"]

1. e4 {[%clk 1:30:57]} g6 {[%clk 1:30:47]} 2. d4 {[%clk 1:31:09]} Bg7
{[%clk 1:31:11]} 3. Nf3 {[%clk 1:31:07]} d6 {[%clk 1:31:29]} 4. Bc4
{[%clk 1:31:11]} Nf6 {[%clk 1:31:37]} 5. Qe2 {[%clk 1:31:25]} O-O
{[%clk 1:31:44]} 6. e5 {[%clk 1:28:13]} dxe5 {[%clk 1:31:52]} 7. dxe5
{[%clk 1:28:40]} Nd5 {[%clk 1:32:13]} 8. O-O {[%clk 1:28:58]} Bg4
{[%clk 1:31:11]} 9. Rd1 {[%clk 1:24:08]} c6 {[%clk 1:31:13]} 10. Nbd2
{[%clk 1:22:27]} Nd7 {[%clk 1:28:53]} 11. h3 {[%clk 1:22:23]} Be6
{[%clk 1:28:02]} 12. Nb3 {[%clk 1:19:57]} Qc7 {[%clk 1:17:15]} 13. Re1
{[%clk 1:13:54]} b5 {[%clk 1:08:11]} 14. Bd3 {[%clk 1:04:37]} Nb4
{[%clk 1:07:59]} 15. Bf4 {[%clk 1:03:36]} Nxd3 {[%clk 1:06:45]} 16. Qxd3
{[%clk 1:00:43]} Bd5 {[%clk 1:00:19]} 17. Nbd2 {[%clk 0:51:19]} Nc5
{[%clk 0:57:04]} 18. Qe3 {[%clk 0:50:23]} Ne6 {[%clk 0:57:24]} 19. Bh6
{[%clk 0:49:39]} c5 {[%clk 0:46:15]} 20. Bxg7 {[%clk 0:44:38]} Kxg7
{[%clk 0:46:25]} 21. Ne4 {[%clk 0:44:32]} h6 {[%clk 0:43:32]} 22. Ng3
{[%clk 0:38:10]} Qc6 {[%clk 0:39:20]} 23. Nh4 {[%clk 0:33:00]} Kh7
{[%clk 0:31:10]} 24. c3 {[%clk 0:27:51]} Rad8 {[%clk 0:29:02]} 25. f4
{[%clk 0:26:15]} Ng7 {[%clk 0:25:34]} 26. b4 {[%clk 0:19:12]} e6 {[%clk 0:22:46]}
27. Qxc5 {[%clk 0:14:58]} Qxc5+ {[%clk 0:22:56]} 28. bxc5 {[%clk 0:15:25]} Rc8
{[%clk 0:22:16]} 29. a4 {[%clk 0:11:30]} bxa4 {[%clk 0:18:17]} 30. Rxa4
{[%clk 0:11:20]} Rxc5 {[%clk 0:18:32]} 31. Ne4 {[%clk 0:08:53]} Bxe4
{[%clk 0:18:46]} 32. Rexe4 {[%clk 0:09:20]} a5 {[%clk 0:17:28]} 33. Rec4
{[%clk 0:08:50]} Rfc8 {[%clk 0:16:23]} 34. Rxc5 {[%clk 0:09:06]} Rxc5
{[%clk 0:16:48]} 35. c4 {[%clk 0:06:59]} Nh5 {[%clk 0:16:42]} 36. Kf2
{[%clk 0:04:01]} Nxf4 {[%clk 0:16:54]} 37. Ke3 {[%clk 0:04:20]} g5
{[%clk 0:16:44]} 38. Nf3 {[%clk 0:04:21]} Nxg2+ {[%clk 0:15:47]} 39. Kd4
{[%clk 0:04:45]} Rc8 {[%clk 0:13:08]} 40. Rxa5 {[%clk 0:33:36]} Nf4
{[%clk 0:43:27]} 41. c5 {[%clk 0:26:18]} Nxh3 {[%clk 0:43:18]} 42. Nd2
{[%clk 0:26:37]} Rd8+ {[%clk 0:38:56]} 43. Ke3 {[%clk 0:24:07]} Nf2
{[%clk 0:28:00]} 44. Nc4 {[%clk 0:20:25]} Ng4+ {[%clk 0:28:14]} 45. Ke4
{[%clk 0:20:20]} Rd5 {[%clk 0:24:28]} 46. c6 {[%clk 0:20:05]} f5+
{[%clk 0:24:41]} 47. exf6 {[%clk 0:20:29]} Nxf6+ {[%clk 0:25:06]} 48. Kf3
{[%clk 0:19:14]} Rxa5 {[%clk 0:22:28]} 49. Nxa5 {[%clk 0:17:47]} Nd5
{[%clk 0:22:52]} 50. Nc4 {[%clk 0:16:18]} h5 {[%clk 0:22:30]} 51. Ne3
{[%clk 0:16:04]} Nc7 {[%clk 0:20:49]} 52. Ke4 {[%clk 0:16:16]} Kg6
{[%clk 0:17:02]} 53. Ke5 {[%clk 0:10:42]} h4 {[%clk 0:09:40]} 54. Ng4
{[%clk 0:04:53]} h3 {[%clk 0:06:16]} 55. Nf2 {[%clk 0:04:52]} h2 {[%clk 0:06:20]}
56. Ke4 {[%clk 0:05:19]} Nb5 {[%clk 0:05:09]} 57. Kf3 {[%clk 0:01:27]} Nd4+
{[%clk 0:05:30]} 58. Kg2 {[%clk 0:01:55]} Nxc6 {[%clk 0:05:53]} 59. Kxh2
{[%clk 0:02:23]} Kf5 {[%clk 0:06:09]} 60. Kg3 {[%clk 0:02:47]} Ne5
{[%clk 0:05:59]} 61. Nd1 {[%clk 0:02:53]} Nc4 {[%clk 0:05:59]} 62. Nc3
{[%clk 0:02:28]} Nd2 {[%clk 0:05:50]} 63. Nb5 {[%clk 0:02:15]} Ne4+
{[%clk 0:05:45]} 64. Kf3 {[%clk 0:02:36]} e5 {[%clk 0:05:48]} 65. Ke3
{[%clk 0:02:54]} g4 {[%clk 0:05:49]} 66. Na3 {[%clk 0:02:36]} Nf6
{[%clk 0:05:55]} 67. Nc4 {[%clk 0:02:47]} Nd5+ {[%clk 0:06:14]} 68. Kd3
{[%clk 0:02:07]} Kf4 {[%clk 0:06:24]} 69. Ke2 {[%clk 0:02:31]} e4
{[%clk 0:06:39]} 70. Kf2 {[%clk 0:02:44]} g3+ {[%clk 0:05:20]} 71. Ke2
{[%clk 0:03:10]} e3 {[%clk 0:04:41]} 72. Kf1 {[%clk 0:03:34]} Nc3
{[%clk 0:04:24]} 73. Nb2 {[%clk 0:03:56]} e2+ {[%clk 0:03:58]} 0-1

[Event "World Chess Olympiad 2018"]
[Site "Batumi"]
[Date "2018.09.25"]
[Round "2"]
[Board "3"]
[WhiteFideId "2300087"]
[White "Stefansson Hannes"]
[BlackFideId "11602740"]
[Black "Meshkovs Nikita"]
[Result "1/2-1/2"]
[LiveChessVersion "1.4.8"]
[BlackElo "2535"]
[WhiteElo "2502"]

1. d4 {[%clk 1:30:52]} Nf6 {[%clk 1:30:55]} 2. c4 {[%clk 1:31:08]} e6
{[%clk 1:31:20]} 3. Nf3 {[%clk 1:31:18]} b6 {[%clk 1:31:44]} 4. g3
{[%clk 1:31:23]} Bb7 {[%clk 1:32:09]} 5. Bg2 {[%clk 1:31:15]} Bb4+
{[%clk 1:32:33]} 6. Bd2 {[%clk 1:31:12]} a5 {[%clk 1:32:56]} 7. O-O
{[%clk 1:30:16]} O-O {[%clk 1:33:19]} 8. Bf4 {[%clk 1:15:34]} Be7
{[%clk 1:28:46]} 9. Nc3 {[%clk 1:15:28]} Ne4 {[%clk 1:29:05]} 10. Qc2
{[%clk 1:15:22]} Nxc3 {[%clk 1:29:19]} 11. Qxc3 {[%clk 1:15:46]} d6
{[%clk 1:28:30]} 12. Rad1 {[%clk 1:15:22]} Nd7 {[%clk 1:27:45]} 13. Qd3
{[%clk 1:14:08]} Nf6 {[%clk 1:24:55]} 14. Ne1 {[%clk 0:52:56]} d5
{[%clk 1:14:16]} 15. cxd5 {[%clk 0:49:47]} Nxd5 {[%clk 1:13:33]} 16. Nf3
{[%clk 0:35:38]} Nb4 {[%clk 1:00:05]} 17. Qb1 {[%clk 0:35:14]} f5
{[%clk 1:00:31]} 18. a3 {[%clk 0:34:00]} Be4 {[%clk 1:00:56]} 19. Qc1
{[%clk 0:34:13]} Nd5 {[%clk 1:01:17]} 20. Be5 {[%clk 0:26:14]} Qe8
{[%clk 0:43:34]} 21. Ng5 {[%clk 0:15:19]} Bxg2 {[%clk 0:43:43]} 22. Kxg2
{[%clk 0:15:44]} Bd6 {[%clk 0:39:33]} 23. Qc2 {[%clk 0:12:28]} Qg6
{[%clk 0:27:01]} 24. Nf3 {[%clk 0:12:35]} a4 {[%clk 0:27:28]} 25. e3
{[%clk 0:12:07]} Rfc8 {[%clk 0:19:51]} 26. Rc1 {[%clk 0:11:52]} Rd8
{[%clk 0:19:16]} 27. Qe2 {[%clk 0:11:24]} Rab8 {[%clk 0:10:32]} 28. Rfe1
{[%clk 0:09:23]} b5 {[%clk 0:09:15]} 29. e4 {[%clk 0:09:21]} fxe4
{[%clk 0:09:10]} 30. Qxe4 {[%clk 0:09:45]} Qxe4 {[%clk 0:08:30]} 31. Rxe4
{[%clk 0:10:09]} Rb6 {[%clk 0:08:58]} 32. Bxd6 {[%clk 0:09:24]} Rdxd6
{[%clk 0:09:22]} 33. Ne5 {[%clk 0:08:59]} b4 {[%clk 0:06:24]} 34. Rc4
{[%clk 0:09:16]} Rb5 {[%clk 0:04:42]} 35. Re2 {[%clk 0:08:59]} h5
{[%clk 0:03:01]} 36. Nd3 {[%clk 0:05:58]} bxa3 {[%clk 0:03:25]} 37. bxa3
{[%clk 0:06:24]} Rb3 {[%clk 0:03:52]} 38. Nc5 {[%clk 0:06:38]} Rxa3
{[%clk 0:04:04]} 39. Nxe6 {[%clk 0:06:31]} h4 {[%clk 0:02:01]} 40. Re5
{[%clk 0:33:23]} c6 {[%clk 0:30:44]} 41. Nc5 {[%clk 0:24:18]} hxg3
{[%clk 0:19:58]} 42. hxg3 {[%clk 0:24:34]} Ra2 {[%clk 0:19:51]} 43. Rxa4
{[%clk 0:23:37]} Rxa4 {[%clk 0:20:00]} 44. Nxa4 {[%clk 0:24:01]} Nf6
{[%clk 0:20:27]} 45. Rc5 {[%clk 0:23:45]} 1/2-1/2

[Event "World Chess Olympiad 2018"]
[Site "Batumi"]
[Date "2018.09.25"]
[Round "2"]
[Board "4"]
[WhiteFideId "11602945"]
[White "Kantans Toms"]
[BlackFideId "2301318"]
[Black "Kjartansson Gudmundur"]
[Result "0-1"]
[LiveChessVersion "1.4.8"]
[BlackElo "2428"]
[WhiteElo "2509"]

1. e4 {[%clk 1:30:57]} e5 {[%clk 1:30:53]} 2. Nf3 {[%clk 1:31:17]} Nc6
{[%clk 1:31:09]} 3. d4 {[%clk 1:29:41]} exd4 {[%clk 1:31:32]} 4. Nxd4
{[%clk 1:30:08]} Nf6 {[%clk 1:31:21]} 5. Nxc6 {[%clk 1:30:25]} bxc6
{[%clk 1:31:46]} 6. Qe2 {[%clk 1:30:48]} d5 {[%clk 1:30:34]} 7. Bg5
{[%clk 1:13:33]} Be7 {[%clk 1:06:06]} 8. Nd2 {[%clk 1:04:58]} O-O
{[%clk 1:05:51]} 9. O-O-O {[%clk 1:03:24]} Rb8 {[%clk 0:57:46]} 10. f3
{[%clk 0:58:57]} Re8 {[%clk 0:46:20]} 11. Nb3 {[%clk 0:55:08]} h6
{[%clk 0:39:36]} 12. Be3 {[%clk 0:54:21]} Bd6 {[%clk 0:39:06]} 13. Bxa7
{[%clk 0:42:07]} Ra8 {[%clk 0:38:46]} 14. Qf2 {[%clk 0:41:56]} dxe4
{[%clk 0:37:46]} 15. Kb1 {[%clk 0:38:29]} c5 {[%clk 0:30:18]} 16. Bb5
{[%clk 0:18:46]} e3 {[%clk 0:28:58]} 17. Qe2 {[%clk 0:12:11]} Rxa7
{[%clk 0:27:50]} 18. Bxe8 {[%clk 0:12:34]} Qxe8 {[%clk 0:28:14]} 19. Rhe1
{[%clk 0:12:44]} Qa4 {[%clk 0:25:22]} 20. Nc1 {[%clk 0:13:02]} Be6
{[%clk 0:23:12]} 21. b3 {[%clk 0:09:08]} Qa5 {[%clk 0:18:58]} 22. c4
{[%clk 0:08:29]} Bf5+ {[%clk 0:18:03]} 23. Nd3 {[%clk 0:08:52]} Be5
{[%clk 0:17:33]} 24. a4 {[%clk 0:07:18]} Qc3 {[%clk 0:10:48]} 25. Ka2
{[%clk 0:07:29]} Rxa4+ {[%clk 0:08:48]} 26. bxa4 {[%clk 0:07:52]} Qxc4+
{[%clk 0:09:09]} 27. Ka3 {[%clk 0:07:48]} Be6 {[%clk 0:08:39]} 0-1

[Event "World Chess Olympiad 2018"]
[Site "Batumi"]
[Date "2018.09.25"]
[Round "2"]
[Board "1"]
[WhiteFideId "4900847"]
[White "Batchuluun Tsegmed"]
[BlackFideId "3507416"]
[Black "Bacallao Alonso Yusnel"]
[Result "0-1"]
[LiveChessVersion "1.4.8"]
[BlackElo "2588"]
[WhiteElo "2570"]

1. d4 {[%clk 1:30:53]} Nf6 {[%clk 1:30:53]} 2. c4 {[%clk 1:31:17]} e6
{[%clk 1:31:19]} 3. Nf3 {[%clk 1:31:15]} d5 {[%clk 1:31:44]} 4. Nc3
{[%clk 1:30:50]} Nbd7 {[%clk 1:32:04]} 5. cxd5 {[%clk 1:29:04]} exd5
{[%clk 1:32:28]} 6. Bf4 {[%clk 1:29:27]} c6 7. h3 {[%clk 1:29:30]} Ne4
{[%clk 1:33:13]} 8. Qc2 {[%clk 1:27:47]} Bd6 {[%clk 1:31:11]} 9. Bxd6
{[%clk 1:25:49]} Nxd6 {[%clk 1:31:31]} 10. e3 {[%clk 1:26:04]} Nb6
{[%clk 1:31:52]} 11. Bd3 {[%clk 1:26:18]} g6 {[%clk 1:32:17]} 12. O-O
{[%clk 1:26:06]} O-O {[%clk 1:29:47]} 13. a4 {[%clk 1:12:21]} a5 {[%clk 1:23:20]}
14. Rab1 {[%clk 1:09:20]} Re8 {[%clk 1:18:35]} 15. Rfe1 {[%clk 1:07:23]} Bf5
{[%clk 1:06:17]} 16. Bxf5 {[%clk 1:06:34]} Nxf5 {[%clk 1:06:40]} 17. Rbd1
{[%clk 0:57:08]} Nd6 {[%clk 1:03:06]} 18. b3 {[%clk 0:57:08]} Nd7
{[%clk 1:01:23]} 19. Qb1 {[%clk 0:52:57]} Re6 {[%clk 0:45:03]} 20. b4
{[%clk 0:47:22]} axb4 {[%clk 0:44:15]} 21. Qxb4 {[%clk 0:47:47]} Qe7
{[%clk 0:43:33]} 22. Rb1 {[%clk 0:47:07]} f5 {[%clk 0:38:34]} 23. g3
{[%clk 0:34:28]} g5 {[%clk 0:34:27]} 24. Kg2 {[%clk 0:33:58]} Rf8
{[%clk 0:30:44]} 25. Ne2 {[%clk 0:23:04]} Rg6 {[%clk 0:23:50]} 26. a5
{[%clk 0:18:01]} Qf6 {[%clk 0:18:16]} 27. h4 {[%clk 0:07:41]} h6 {[%clk 0:18:31]}
28. hxg5 {[%clk 0:08:06]} hxg5 {[%clk 0:18:56]} 29. Ne5 {[%clk 0:02:29]} Nxe5
{[%clk 0:17:28]} 30. dxe5 {[%clk 0:02:58]} Qxe5 {[%clk 0:17:50]} 31. a6
{[%clk 0:02:30]} bxa6 {[%clk 0:17:26]} 32. Qc3 {[%clk 0:01:42]} Qxc3
{[%clk 0:15:14]} 33. Nxc3 {[%clk 0:02:11]} Nb5 {[%clk 0:14:48]} 34. Na4
{[%clk 0:01:14]} f4 {[%clk 0:14:53]} 35. exf4 {[%clk 0:01:01]} gxf4
{[%clk 0:15:15]} 36. Nc5 {[%clk 0:00:45]} f3+ {[%clk 0:14:17]} 37. Kh3
{[%clk 0:01:02]} Rf5 {[%clk 0:10:02]} 38. g4 {[%clk 0:00:52]} Rf4
{[%clk 0:10:11]} 39. Nd3 {[%clk 0:00:43]} Rf8 {[%clk 0:09:12]} 40. Re7
{[%clk 0:30:33]} Nc3 {[%clk 0:38:37]} 41. Rbe1 {[%clk 0:19:35]} Ne4
{[%clk 0:35:59]} 42. Re5 {[%clk 0:18:43]} Rh6+ {[%clk 0:36:00]} 43. Rh5
{[%clk 0:19:07]} Rxh5+ {[%clk 0:36:26]} 44. gxh5 {[%clk 0:19:33]} c5
{[%clk 0:36:35]} 45. Rf1 {[%clk 0:14:42]} c4 {[%clk 0:36:38]} 46. Nb4
{[%clk 0:14:50]} d4 {[%clk 0:36:18]} 47. Re1 {[%clk 0:13:12]} Re8
{[%clk 0:34:29]} 48. Rc1 {[%clk 0:10:46]} d3 {[%clk 0:34:12]} 0-1

[Event "World Chess Olympiad 2018"]
[Site "Batumi"]
[Date "2018.09.25"]
[Round "2"]
[Board "2"]
[WhiteFideId "3503321"]
[White "Gonzalez Vidal Yuri"]
[BlackFideId "4901541"]
[Black "Bilguun Sumiya"]
[Result "1/2-1/2"]
[LiveChessVersion "1.4.8"]
[BlackElo "2489"]
[WhiteElo "2566"]

1. e4 {[%clk 1:30:55]} c5 {[%clk 1:30:49]} 2. Nf3 {[%clk 1:31:15]} e6
{[%clk 1:30:33]} 3. d4 {[%clk 1:31:31]} cxd4 {[%clk 1:30:58]} 4. Nxd4
{[%clk 1:31:55]} a6 {[%clk 1:31:19]} 5. c4 {[%clk 1:32:06]} Nf6 {[%clk 1:28:14]}
6. Nc3 {[%clk 1:32:15]} Qc7 {[%clk 1:28:01]} 7. Be2 {[%clk 1:31:09]} Bd6
{[%clk 1:09:54]} 8. Qd3 {[%clk 1:22:23]} Nc6 {[%clk 1:06:48]} 9. Nxc6
{[%clk 1:13:04]} dxc6 {[%clk 1:04:33]} 10. Be3 {[%clk 1:11:43]} O-O
{[%clk 1:01:20]} 11. c5 {[%clk 0:57:08]} Be7 {[%clk 0:57:06]} 12. O-O
{[%clk 0:51:08]} e5 {[%clk 0:56:18]} 13. Na4 {[%clk 0:48:44]} Be6
{[%clk 0:51:33]} 14. b4 {[%clk 0:47:37]} Rad8 {[%clk 0:46:15]} 15. Qc2
{[%clk 0:47:31]} h6 {[%clk 0:41:28]} 16. Nb6 {[%clk 0:40:28]} Nh7
{[%clk 0:33:05]} 17. Bd2 {[%clk 0:32:59]} Ng5 {[%clk 0:26:52]} 18. Bc3
{[%clk 0:30:32]} Bc8 {[%clk 0:25:12]} 19. Rad1 {[%clk 0:25:37]} Ne6
{[%clk 0:24:02]} 20. Nxc8 {[%clk 0:23:10]} Rxc8 {[%clk 0:23:56]} 21. Bg4
{[%clk 0:20:22]} Rcd8 {[%clk 0:23:45]} 22. Bxe6 {[%clk 0:19:04]} fxe6
{[%clk 0:23:58]} 23. Qb3 {[%clk 0:14:59]} Kf7 {[%clk 0:23:44]} 24. g3
{[%clk 0:11:33]} Rxd1 {[%clk 0:15:37]} 25. Qxd1 {[%clk 0:11:32]} Bf6
{[%clk 0:13:27]} 26. Qh5+ {[%clk 0:09:32]} Ke7 {[%clk 0:04:50]} 27. f4
{[%clk 0:07:20]} Qb8 {[%clk 0:04:19]} 28. h4 {[%clk 0:02:43]} Qe8
{[%clk 0:04:16]} 29. Qg4 {[%clk 0:02:16]} h5 {[%clk 0:03:50]} 30. Qf3
{[%clk 0:02:12]} Kd7 {[%clk 0:01:27]} 31. fxe5 {[%clk 0:01:58]} Be7
{[%clk 0:01:51]} 32. Qd3+ {[%clk 0:01:13]} Kc8 {[%clk 0:02:16]} 33. Rxf8
{[%clk 0:01:12]} Qxf8 {[%clk 0:02:28]} 34. Kg2 {[%clk 0:01:05]} Qf7
{[%clk 0:02:24]} 35. Bd2 {[%clk 0:01:00]} Qg6 {[%clk 0:02:05]} 36. Kf2
{[%clk 0:00:56]} Qg4 {[%clk 0:01:53]} 37. Qf3 {[%clk 0:00:50]} Qg6
{[%clk 0:00:38]} 38. Ke2 {[%clk 0:00:44]} Kd7 {[%clk 0:00:46]} 39. Bf4
{[%clk 0:00:50]} Ke8 {[%clk 0:00:54]} 40. a3 {[%clk 0:30:52]} Bd8
{[%clk 0:31:02]} 41. Kd3 {[%clk 0:24:55]} Qf7 {[%clk 0:29:50]} 42. Qe3
{[%clk 0:24:50]} Qg6 {[%clk 0:28:45]} 43. Qe2 {[%clk 0:20:36]} Qf7
{[%clk 0:27:34]} 44. Ke3 {[%clk 0:20:00]} Qg6 {[%clk 0:25:48]} 45. a4
{[%clk 0:17:48]} Be7 {[%clk 0:24:50]} 46. Kd4 {[%clk 0:16:17]} Qf7
{[%clk 0:24:56]} 47. Qe3 {[%clk 0:14:21]} Qg6 {[%clk 0:21:01]} 48. Qe2
{[%clk 0:11:46]} Qf7 {[%clk 0:20:57]} 49. Be3 {[%clk 0:10:26]} Bd8
{[%clk 0:20:21]} 50. Kc3 {[%clk 0:08:55]} Bc7 {[%clk 0:19:06]} 51. Bf4
{[%clk 0:07:42]} Bd8 {[%clk 0:19:25]} 52. Qe3 {[%clk 0:06:01]} Qg6
{[%clk 0:15:42]} 53. Qe2 {[%clk 0:04:52]} Qf7 {[%clk 0:15:46]} 54. Qe3
{[%clk 0:04:27]} Qg6 {[%clk 0:16:05]} 55. Qe2 {[%clk 0:03:10]} Qf7
{[%clk 0:16:28]} 56. Qe3 {[%clk 0:02:36]} 1/2-1/2

[Event "World Chess Olympiad 2018"]
[Site "Batumi"]
[Date "2018.09.25"]
[Round "2"]
[Board "4"]
[WhiteFideId "3503313"]
[White "Almeida Quintana Omar"]
[BlackFideId "4901266"]
[Black "Munkhgal Gombosuren"]
[Result "0-1"]
[LiveChessVersion "1.4.8"]
[BlackElo "2452"]
[WhiteElo "2540"]

1. d4 {[%clk 1:30:56]} e6 {[%clk 1:30:47]} 2. c4 {[%clk 1:31:12]} Nf6
{[%clk 1:31:12]} 3. Nf3 {[%clk 1:31:24]} d5 {[%clk 1:31:33]} 4. Nc3
{[%clk 1:31:22]} Bb4 {[%clk 1:31:59]} 5. Qa4+ {[%clk 1:28:29]} Nc6
{[%clk 1:32:21]} 6. e3 {[%clk 1:28:52]} O-O {[%clk 1:32:34]} 7. Bd2
{[%clk 1:29:13]} dxc4 {[%clk 1:32:55]} 8. Bxc4 {[%clk 1:29:36]} Bd6
{[%clk 1:33:21]} 9. h3 {[%clk 1:28:54]} a6 {[%clk 1:33:22]} 10. a3
{[%clk 1:25:32]} e5 {[%clk 1:31:14]} 11. d5 {[%clk 1:22:12]} e4 {[%clk 1:15:06]}
12. Nxe4 {[%clk 1:09:43]} Nxe4 {[%clk 1:15:14]} 13. dxc6 {[%clk 1:10:08]} Nxd2
{[%clk 1:14:51]} 14. Nxd2 {[%clk 1:10:34]} Qg5 {[%clk 1:14:34]} 15. Qb3
{[%clk 1:10:18]} bxc6 {[%clk 1:13:20]} 16. g4 {[%clk 1:08:08]} a5
{[%clk 1:09:14]} 17. Qc2 {[%clk 1:00:47]} Rb8 {[%clk 1:03:59]} 18. Bd3
{[%clk 0:55:21]} h6 {[%clk 0:53:22]} 19. O-O-O {[%clk 0:42:24]} Qe7
{[%clk 0:47:26]} 20. Nc4 {[%clk 0:41:04]} Be6 {[%clk 0:47:04]} 21. Nxa5
{[%clk 0:32:59]} Rxb2 {[%clk 0:32:08]} 22. Bh7+ {[%clk 0:33:25]} Kh8
{[%clk 0:32:37]} 23. Kxb2 {[%clk 0:33:49]} Bxa3+ {[%clk 0:31:12]} 24. Kc3
{[%clk 0:29:42]} Qb4+ {[%clk 0:30:04]} 25. Kd3 {[%clk 0:30:08]} Qb5+
{[%clk 0:28:49]} 26. Kd2 {[%clk 0:25:35]} Bb4+ {[%clk 0:28:19]} 0-1

[Event "World Chess Olympiad 2018"]
[Site "Batumi"]
[Date "2018.09.25"]
[Round "2"]
[Board "1"]
[WhiteFideId "4692055"]
[White "Bogner Sebastian"]
[BlackFideId "922412"]
[Black "Djukic Nikola"]
[Result "1/2-1/2"]
[LiveChessVersion "1.4.8"]
[BlackElo "2567"]
[WhiteElo "2619"]

1. d4 {[%clk 1:30:58]} Nf6 {[%clk 1:30:55]} 2. c4 {[%clk 1:31:22]} g6
{[%clk 1:31:20]} 3. Nc3 {[%clk 1:31:38]} d5 {[%clk 1:31:45]} 4. cxd5
{[%clk 1:27:52]} Nxd5 {[%clk 1:32:07]} 5. e4 {[%clk 1:28:03]} Nxc3
{[%clk 1:32:26]} 6. bxc3 {[%clk 1:28:28]} Bg7 {[%clk 1:32:41]} 7. Qa4+
{[%clk 1:28:31]} Nd7 {[%clk 1:32:44]} 8. Nf3 {[%clk 1:28:42]} c5 {[%clk 1:31:13]}
9. Be2 {[%clk 1:29:05]} O-O {[%clk 1:31:16]} 10. O-O {[%clk 1:29:16]} cxd4
{[%clk 1:31:11]} 11. cxd4 {[%clk 1:29:40]} Nb6 {[%clk 1:31:08]} 12. Qa3
{[%clk 1:29:48]} Bg4 {[%clk 1:30:48]} 13. Bg5 {[%clk 1:30:12]} Bxf3
{[%clk 1:29:12]} 14. Bxf3 {[%clk 1:29:54]} Qxd4 {[%clk 1:29:17]} 15. Qxe7
{[%clk 1:29:08]} Qa4 {[%clk 1:16:52]} 16. Rac1 {[%clk 1:19:53]} Qxa2
{[%clk 1:03:47]} 17. Qxb7 {[%clk 1:20:04]} Rab8 {[%clk 0:58:07]} 18. Qc6
{[%clk 1:06:57]} Rbc8 {[%clk 0:46:34]} 19. Qd6 {[%clk 0:54:48]} Qa5
{[%clk 0:43:26]} 20. Bd2 {[%clk 0:38:35]} Qe5 {[%clk 0:39:53]} 21. Qxe5
{[%clk 0:30:06]} Bxe5 {[%clk 0:40:12]} 22. Be3 {[%clk 0:30:31]} Rxc1
{[%clk 0:32:56]} 23. Rxc1 {[%clk 0:30:53]} Rc8 {[%clk 0:32:58]} 24. Rxc8+
{[%clk 0:30:40]} Nxc8 {[%clk 0:33:23]} 25. Be2 {[%clk 0:23:35]} a5
{[%clk 0:30:28]} 26. Bc5 {[%clk 0:18:43]} Bd6 {[%clk 0:21:19]} 27. Bd4
{[%clk 0:17:58]} a4 {[%clk 0:21:38]} 28. Bc4 {[%clk 0:14:42]} Ne7
{[%clk 0:21:31]} 29. Bf6 {[%clk 0:07:26]} a3 {[%clk 0:20:14]} 30. Bxe7
{[%clk 0:05:33]} Bxe7 {[%clk 0:20:39]} 31. f4 {[%clk 0:05:10]} Bc5+
{[%clk 0:16:11]} 1/2-1/2

[Event "World Chess Olympiad 2018"]
[Site "Batumi"]
[Date "2018.09.25"]
[Round "2"]
[Board "2"]
[WhiteFideId "900290"]
[White "Kosic Dragan"]
[BlackFideId "1301837"]
[Black "Pelletier Yannick"]
[Result "1/2-1/2"]
[LiveChessVersion "1.4.8"]
[BlackElo "2544"]
[WhiteElo "2465"]

1. d4 {[%clk 1:30:53]} Nf6 {[%clk 1:30:45]} 2. Nf3 {[%clk 1:31:06]} e6
{[%clk 1:30:36]} 3. c4 {[%clk 1:31:05]} b6 {[%clk 1:30:07]} 4. e3
{[%clk 1:28:04]} Bb7 {[%clk 1:28:52]} 5. Bd3 {[%clk 1:28:26]} d5 {[%clk 1:29:01]}
6. cxd5 {[%clk 1:28:15]} exd5 {[%clk 1:29:18]} 7. O-O {[%clk 1:28:37]} Bd6
{[%clk 1:29:38]} 8. b3 {[%clk 1:28:52]} O-O {[%clk 1:29:49]} 9. Ba3
{[%clk 1:28:35]} c5 {[%clk 1:29:50]} 10. Nc3 {[%clk 1:26:27]} Nbd7
{[%clk 1:29:04]} 11. Rc1 {[%clk 1:23:03]} Qe7 {[%clk 1:16:20]} 12. Bf5
{[%clk 1:21:28]} Rac8 {[%clk 1:02:48]} 13. Re1 {[%clk 1:08:26]} g6
{[%clk 0:54:27]} 14. Bh3 {[%clk 1:04:50]} Rfd8 {[%clk 0:54:34]} 15. Re2
{[%clk 0:56:36]} Ne4 {[%clk 0:41:39]} 16. Rec2 {[%clk 0:48:27]} Nxc3
{[%clk 0:28:05]} 17. Rxc3 {[%clk 0:48:48]} f5 {[%clk 0:28:33]} 18. dxc5
{[%clk 0:43:26]} bxc5 {[%clk 0:28:44]} 19. g3 {[%clk 0:43:42]} Nf6
{[%clk 0:26:41]} 20. Bg2 {[%clk 0:40:32]} a5 {[%clk 0:24:02]} 21. R3c2
{[%clk 0:36:15]} Rc7 {[%clk 0:18:02]} 22. Nd4 {[%clk 0:32:13]} Ba6
{[%clk 0:17:42]} 23. Nc6 {[%clk 0:27:22]} Rxc6 {[%clk 0:18:07]} 24. Bxd5+
{[%clk 0:27:48]} Kg7 {[%clk 0:09:56]} 25. Bxc6 {[%clk 0:27:03]} Bxg3
{[%clk 0:10:21]} 26. Qf3 {[%clk 0:26:54]} Bb8 {[%clk 0:08:00]} 27. Bxc5
{[%clk 0:24:33]} Qe5 {[%clk 0:04:30]} 28. Qg2 {[%clk 0:21:40]} Bd3
{[%clk 0:03:21]} 29. Rc3 {[%clk 0:17:52]} Ne4 {[%clk 0:02:04]} 30. Rxd3
{[%clk 0:10:13]} Rxd3 {[%clk 0:02:30]} 31. Bd4 {[%clk 0:10:32]} Rxd4
{[%clk 0:02:55]} 32. exd4 {[%clk 0:10:58]} Qf4 {[%clk 0:03:22]} 33. Rc2
{[%clk 0:06:33]} Nf6 {[%clk 0:03:12]} 34. h3 {[%clk 0:03:36]} Qxd4
{[%clk 0:03:10]} 35. Qf3 {[%clk 0:03:39]} Be5 {[%clk 0:02:27]} 36. Re2
{[%clk 0:02:35]} Qa1+ {[%clk 0:02:14]} 37. Kg2 {[%clk 0:02:56]} Nh5
{[%clk 0:02:41]} 38. Rxe5 {[%clk 0:02:33]} Qxe5 {[%clk 0:03:09]} 39. Qe3
{[%clk 0:02:51]} Qd6 {[%clk 0:01:26]} 40. Qc3+ {[%clk 0:31:08]} Kh6
{[%clk 0:31:44]} 41. h4 {[%clk 0:25:55]} Nf4+ {[%clk 0:28:08]} 42. Kf3
{[%clk 0:26:12]} Ne6 {[%clk 0:26:25]} 43. Kg2 {[%clk 0:26:28]} Nf4+
{[%clk 0:21:06]} 44. Kf3 {[%clk 0:26:42]} Ne6 {[%clk 0:18:04]} 1/2-1/2